000 00497nam a2200181 a 4500
001 3803
005 20140414131938.0
008 061013s19uu xx 00 eng d
020 _a0-7232-3776-X
050 _aER
_bT14 1991
100 _aPotter, Beatrix
245 _aTimmy tiptoes :
_bthe tale of . . /
_cBeatrix Potter.
260 _aNew Zealand :
_bFrederick Warne,
_c1991.
300 _a57 p. : ill. ; cm.
650 _aSquirel
_xfiction.
650 _aChildren stories.
999 _c112503
_d112503